000 00510nam a2200217Ia 4500
003 OSt
005 20221005122150.0
006 a|||||r|||| 00| 0
007 ta
008 221004b |||||||| |||| 00| 0 eng d
024 _a120163
037 _cTextual
040 _aCRL
_cCRL
_beng
041 _2eng
_aeng
100 _aHowland J L
_9631571
245 0 _aIntroduction to cell physiology
260 _c1968
650 _aPHYSIOLOGY
942 _cTEXL
_2cc
999 _c1043466
_d1043466